| 000 | 00000nas 2200000za 4500 |
| 001 | 9.837057 |
| 003 | CaOODSP |
| 005 | 20221107151040 |
| 007 | cr ||||||||||| |
| 008 | 170519d19681973onc x m o f000#a0eng|d |
| 040 | |aCaOODSP|beng |
| 043 | |an-cn--- |
| 086 | 1 |aR42-4E-PDF |
| 110 | 2 |aNorthern Science Research Group (Canada) |
| 245 | 10|aNSRG (Series) |h[electronic resource] / |cNorthern Science Research Group, Department of Indian Affairs and Northern Development. |
| 260 | |aOttawa : |bNorthern Science Research Group, Department of Northern Affairs and Northern Development, |c1968-1973? |
| 310 | |aIrregular |
| 500 | |aDigitized edition from print [produced by Indigenous and Northern Affairs Canada]. |
| 500 | |aSome issues are available in French only. |
| 692 | 07|2gccst|aAboriginal reserves |
| 692 | 07|2gccst|aSocial development |
| 692 | 07|2gccst|aNorth |
| 710 | 1 |aCanada. |bIndigenous and Northern Affairs Canada. |
| 775 | 08|tNSRG (Serie) |w(CaOODSP)9.837060 |
| 780 | 00|tNCRC (Series) |w(CaOODSP)9.837026 |